[Event "POR-ch 2020"]
[Site "Portimao"]
[Date "2020.09.12"]
[Round "7.5"]
[White "Dias, Paulo"]
[Black "Reis, Luis Sousa"]
[Result "1-0"]
[WhiteElo "2341"]
[BlackElo "2154"]
[Annotator "TA"]
[PlyCount "137"]
[EventDate "2020.09.07"]
[EventType "tourn"]
[EventCountry "POR"]
[SourceTitle "playchess.com"]
[Source "ChessBase"]
[SourceQuality "1"]

{[%evp 23,137,0,0,0,0,0,1,0,0,0,0,0,0,-103,-85,-71,-48,-56,-42,-76,-62,-118,-106,-131,-114,-229,-223,-215,0,0,0,0,0,0,0,0,0,-16,-21,0,47,37,56,20,8,14,14,14,8,0,20,20,47,38,39,39,45,46,39,39,47,47,47,47,50,18,40,0,48,51,157,157,157,157,157,150,139,8,30,4,3,7,8,8,8,8,8,8,61,61,66,43,47,25,40,52,110,110,29978,29979,29979,29980,29980,29981,29981,29982,29986,29987,29987,29984,29988,29989,29989,29990,29990,29991]} 1. e4 Nc6 2. Nf3 e5 3. Bb5 a6 4. Ba4 Nf6 5. O-O b5 6. Bb3 Be7 7. Re1 O-O 8. d4 Nxd4 9. Nxd4 exd4 10. e5 Ne8 11. Qxd4 c5 12. Qe4 Rb8 13. c4 {C88: Closed Ruy Lopez: Anti-Marshall Systems.} Bb7 14. Qe2 d6 15. Bf4 {[#] The position is equal.} bxc4 $146 ({Predecessor:} 15... dxe5 16. Bxe5 Bd6 17. Nc3 b4 18. Na4 Qc7 19. Rad1 Rc8 20. Qh5 Qc6 21. Qh3 f5 {1-0 (40) Ivanov,A (2525)-Drkulec,V Chicago 1993}) 16. Bxc4 d5 17. Rd1 Nc7 18. Bg3 (18. Nc3 $11 {keeps the balance.}) 18... Ne6 19. Bd3 Qb6 20. b3 $1 Qb4 21. Nd2 a5 22. Rac1 (22. Qf1 $15) 22... a4 $17 23. Rb1 axb3 24. Rxb3 (24. axb3 $17 {was worth a try.} Ra8 25. Nf1) 24... Qa5 $19 25. Rdb1 Nd4 $2 {[#]} (25... Qc7 $19 26. Bf5 c4) 26. Bxh7+ $1 $11 {[%mdl 512]} Kxh7 27. Qd3+ Kg8 28. Rxb7 Rxb7 29. Rxb7 Bg5 30. Nf3 Nxf3+ 31. gxf3 Qxa2 (31... c4 $5 {[%cal Rc4d3]} 32. Qf5 Qa6 $11) 32. Qf5 Bh6 33. Rc7 Qc4 34. e6 fxe6 35. Qxe6+ Kh7 $1 $132 {[%mdl 2048] Black has counterplay} 36. Qd6 Ra8 {( -> ...Ra1+)} 37. Qe5 Qc1+ 38. Kg2 {And now Qf5+ would win.} Qg5 39. Rxc5 Qxe5 $1 40. Bxe5 $14 {[%mdl 4096] Endgame KRB-KRB} Rd8 41. Bd4 Kg6 42. Rc7 Kf5 43. h4 Rd6 44. Kf1 Kg6 45. Kg2 Kf5 46. Re7 Rd8 ({Black should play} 46... Rc6 $14) 47. Re5+ $16 Kg6 48. Kg3 Kf7 49. Kg4 g6 {aiming for ...Bg7.} 50. Re1 (50. h5 $1 $16) 50... Ra8 {Threatens to win with ...Ra4.} 51. Bc5 (51. Rd1 {seems wilder.} Bf8 52. Bb6 Ke6 53. Re1+ Kf7 54. f4) 51... Ra4+ 52. Kh3 Rc4 53. Bd6 Rc6 54. Be5 Re6 55. Kg4 Ra6 (55... Bg7 $11 56. f4 Re8) 56. f4 $14 Bf8 57. Rc1 Bd6 58. Rc8 Ke6 59. Re8+ Kf7 {[#]} ({Better is} 59... Be7 $14) 60. Rd8 $1 $16 {[%cal Rd8d6]} Ke6 $2 {[%mdl 8192]} (60... Be7 $16 61. Rxd5 Ra2) 61. Rxd6+ {[%mdl 64] Overworked Piece. White mates.} Rxd6 62. Bxd6 Kxd6 {[#]} 63. f5 $1 {[%cal Rf5g6]} ({Weaker is} 63. Kg5 d4 $11) 63... gxf5+ 64. Kxf5 {KPP-KP} Kc5 65. h5 d4 66. Ke4 Kc4 67. h6 d3 68. Ke3 Kc3 69. h7 {A wild game. Accuracy: White = 77%, Black = 80%.} 1-0

[Event "POR-ch 2020"]
[Site "Portimao"]
[Date "2020.09.13"]
[Round "8.1"]
[White "Rocha, Sergio"]
[Black "Reis, Luis Sousa"]
[Result "1/2-1/2"]
[WhiteElo "2341"]
[BlackElo "2154"]
[Annotator "TA"]
[PlyCount "178"]
[EventDate "2020.09.07"]
[EventType "tourn"]
[EventCountry "POR"]
[SourceTitle "playchess.com"]
[Source "ChessBase"]
[SourceQuality "1"]

{[%evp 21,178,6,33,6,27,0,31,0,0,0,0,-34,-27,-33,-34,-34,-30,-32,-36,-30,-27,-35,-8,-20,-11,-20,-7,-15,-12,-14,-10,-28,-27,-31,-30,-51,-29,-29,-14,-16,-2,-45,-2,-40,-17,-35,-35,-47,-35,-35,-32,-35,-40,-43,-30,-25,-15,-16,-16,-16,-16,-38,-38,-39,-39,-41,-39,-41,-39,-37,-9,-27,-37,-29,-43,-40,-27,-28,-35,-37,614,588,614,575,1010,852,1183,1183,1175,1175,1167,1137,1140,1025,788,0,0,0,0,0,0,0,0,0,0,0,0,0,0,0,0,0,0,0,0,0,0,0,0,0,0,0,0,0,0,0,0,0,0,0,0,0,0,0,0,0,0,0,0,0,0,0,0,0,0,0,0,0,0,0,0,0,0,0,0,0,0,0,0]} 1. Nf3 Nf6 2. c4 e6 3. g3 d5 4. d4 c5 5. cxd5 exd5 6. Bg2 Nc6 7. O-O Be7 8. Nc3 O-O 9. Bg5 Be6 10. Rc1 c4 11. Ne5 Rc8 12. Nxc6 {D34: Tarrasch Defence: 6 g3 Nf6 7 Bg2 Be7.} bxc6 13. Na4 Qa5 14. Bxf6 {White is slightly better.} Bxf6 15. b3 {[#]} Be7 $146 ({Predecessor:} 15... Rfd8 16. e3 Be7 17. Qc2 c5 18. dxc5 Bxc5 19. Nxc5 Qxc5 20. Rfd1 {½-½ (21) Kamenskaja,O (2241)-Kolganova,N (2139) Slaviansk na Kubani 2002}) 16. Qc2 {[%cal Rb3c4]} c5 17. Qc3 Qxc3 18. Nxc3 cxd4 19. Nxd5 Bxd5 20. Bxd5 c3 21. Rfd1 Bc5 22. Rd3 Rfd8 23. Bc4 Kf8 24. Kf1 Ba3 25. Rc2 Bb2 26. Rf3 Rc7 27. Rf5 Rd6 28. Bd3 h6 29. h4 Ke7 30. Bc4 f6 31. Ke1 Kd7 32. Kd1 Kc6 33. a4 Re7 34. Ra5 Kb7 35. Rb5+ $1 Kc8 36. Rc5+ Kb8 37. Bd3 Re5 38. Rc4 a5 39. b4 axb4 40. Rxb4+ Ka7 41. Rbxb2 cxb2 42. Rxb2 $11 {[%mdl 4096] Endgame KRR-KRB} Rc5 43. Kd2 Rb6 44. Bb5 $1 Rf5 45. f3 g5 46. hxg5 Rxg5 47. g4 f5 48. gxf5 $1 h5 49. Rb1 Rxf5 50. Rh1 $1 Rfxb5 $2 {[%mdl 8192]} (50... Rh6 $15) 51. axb5 $18 Rxb5 $15 {KR-KR} 52. Kd3 Re5 53. Rh2 Kb6 54. Kxd4 Ra5 55. e4 Kc6 56. Rg2 Kd6 57. Rg6+ Ke7 58. f4 $2 (58. Ke3 $18 {Black must now prevent Kf4.} Kf7 59. Rc6) 58... Ra4+ $11 {The position is equal.} 59. Ke3 {[#] Strongly threatening f5.} Ra3+ 60. Kf2 Ra4 61. Kf3 Ra3+ 62. Kg2 {aiming for e5.} Ra4 63. Kg3 {[#] Threatens to win with e5.} Rxe4 64. Rh6 Kf7 65. Rxh5 Kg6 66. Rh1 Kf5 67. Rh5+ Kg6 68. Rh8 Re1 69. Rf8 Rg1+ 70. Kf2 {Intending Rg8+ and mate.} Ra1 71. Kg2 Rb1 72. Kh2 Rf1 73. Kh3 Rh1+ 74. Kg3 Rg1+ 75. Kf2 {Threatening mate with Rg8+.} Ra1 76. Rb8 Kf5 77. Rf8+ Kg6 78. Re8 Kf5 79. Kf3 Rf1+ 80. Kg3 Rg1+ 81. Kf3 Rf1+ 82. Kg3 Rg1+ 83. Kf2 Rg4 84. Ke3 Rg3+ 85. Kf2 Rg4 86. Rf8+ Ke4 87. f5 Rf4+ 88. Kg3 {White wants to mate with Re8+.} Rxf5 89. Rxf5 Kxf5 {Blacks defense is rewarded with a draw. Accuracy: White = 91%, Black = 83%.} 1/2-1/2

[Event "POR-ch 2020"]
[Site "Portimao"]
[Date "2020.09.13"]
[Round "8.2"]
[White "Fernandes, Antonio"]
[Black "Dias, Paulo"]
[Result "1/2-1/2"]
[WhiteElo "2359"]
[BlackElo "2341"]
[Annotator "TA"]
[PlyCount "206"]
[EventDate "2020.09.07"]
[EventType "tourn"]
[EventCountry "POR"]
[SourceTitle "playchess.com"]
[Source "ChessBase"]
[SourceQuality "1"]

{[%evp 13,206,12,19,-26,28,40,27,20,36,-7,45,43,56,50,42,39,47,39,52,21,33,22,31,23,17,10,0,3,34,18,18,29,19,-59,-47,-59,-65,-63,-59,-74,-76,-68,0,0,0,0,0,-59,-70,-81,-91,-87,-21,-22,-19,-14,-14,-28,-39,-46,-36,-45,-43,-56,-26,-61,0,0,0,0,0,0,0,0,0,0,0,-10,-10,-10,4,12,16,16,16,16,18,18,51,27,27,16,24,20,127,127,127,127,127,127,127,127,127,127,208,208,208,208,208,127,127,127,127,127,127,127,127,127,127,127,127,0,127,127,127,127,127,127,127,127,127,127,127,127,127,127,127,127,127,0,0,0,127,127,127,127,127,127,127,127,127,127,127,0,127,127,127,127,127,127,131,12,104,15,16,0,0,0,0,0,0,0,0,0,0,0,8,8,8,8,12,8,8,8,8,0,0,0,0,0,0,0,0,0,0]} 1. Nf3 Nf6 2. g3 d5 3. Bg2 e6 4. O-O Be7 5. d4 b6 6. c4 O-O 7. Ne5 Bb7 8. Qa4 {E06: Closed Catalan: Early deviations.} Nfd7 (8... c5 $142) 9. cxd5 $11 exd5 10. Nc3 {White has an edge.} c6 11. Rd1 {[#]} b5 $146 (11... Nxe5 $11 12. dxe5 Nd7) ({Predecessor:} 11... f5 12. Qb3 Nf6 13. Bh3 Nfd7 14. Bg2 Nf6 15. Bg5 Kh8 16. Rac1 Nbd7 17. Bxf6 Bxf6 18. f4 {1-0 (52) Bitoon,R (2430)-Lioe,D (2387) Jakarta 2012}) 12. Qc2 $14 b4 13. Nxd7 Nxd7 14. Na4 Re8 15. b3 Bf8 16. Be3 Rc8 17. Rac1 g6 18. Qd2 Ba6 19. Bf3 Bb5 20. Nb2 Nf6 21. Bg5 Qd6 22. Bxf6 Qxf6 23. Bg4 (23. h4 $11) 23... h5 $1 $15 {[%cal Rh5g4]} 24. Bxc8 {Threatens to win with Nd3.} Rxe2 {[%mdl 64] ( -> ...Qxf2+). Double Attack} 25. Qf4 Qxf4 26. gxf4 {And now Nd3 would win.} Rxb2 27. Bd7 Bd6 (27... Be2 $15 28. Re1 Bg7 29. Bxc6 Bxd4 30. Bxd5 Bc3) 28. Bxc6 $11 Be2 29. Re1 Bf3 $1 30. Bb7 ({White should play} 30. f5 $11) 30... Rxa2 31. Rc8+ Kg7 32. Rd8 {[#]} Bxf4 ({Better is} 32... Be7 $1 $17 {[%cal Re7d8][%mdl 512]} 33. Bxd5 (33. Rxe7 Ra1+) 33... Bxd8 34. Bxf3 Rb2) 33. Bxd5 Bd2 34. Rb1 Bg4 35. Re8 Bc3 36. Re7 Bxd4 37. Rxf7+ Kh6 38. Rf4 Rd2 39. Re1 Bxf2+ (39... g5 $15 40. Rf7 Kg6) 40. Rxf2 Rxd5 $15 {[%mdl 4096] Endgame KRR-KRB} 41. Ra2 Bd1 42. Rxa7 Bxb3 43. Rb1 Rg5+ 44. Kf2 Bd5 45. Ra5 Rg2+ 46. Ke3 Bf7 47. Rf1 Ba2 (47... Bc4 {seems wilder.} 48. Rf2 Rxf2 49. Kxf2 b3 50. Ra4 Bf7) 48. Rf2 Rxf2 49. Kxf2 $11 {KR-KB} Be6 50. Ra6 Bd5 51. Rd6 {[%mdl 1024] White has compensation.} Bf7 52. Rb6 b3 53. h4 Kg7 (53... b2 $1 $11) 54. Kg3 Kf8 55. Kf4 Kg7 56. Kg5 Kh7 {[#]} 57. Rb7 $1 {[%mdl 512]} Kg7 58. Rd7 b2 (58... Kg8 $16 59. Kf6 b2) 59. Rb7 $18 b1=Q 60. Rxb1 Bd5 61. Rd1 Be6 62. Rc1 {Hoping for Rc7+.} Bf5 63. Rc7+ Kg8 64. Kh6 Kf8 65. Rg7 Be4 66. Rh7 Kg8 67. Rg7+ Kf8 68. Rd7 Bf5 69. Ra7 Kg8 70. Kg5 Kf8 71. Kf6 {White wants to mate with Ra8+.} Kg8 72. Rc7 Be4 73. Rg7+ Kh8 74. Kf7 Bf5 75. Kf8 Bc2 76. Rg8+ Kh7 77. Rg7+ Kh8 $1 78. Rc7 Bf5 79. Kf7 Kh7 80. Kf6+ Kg8 81. Kg5 Kf8 82. Rh7 Kg8 83. Kh6 (83. Re7 $16) 83... Kf8 (83... Be4 $1 $11 {keeps the balance.}) 84. Rh8+ $16 Kf7 85. Ra8 Be4 86. Rb8 Bf5 {[#]} 87. Kh7 (87. Kg5 $1 $16) 87... Kf6 {[#]} (87... g5+ $1 $11 {remains equal.} 88. Kh6 {[%mdl 64] Double Attack} gxh4) 88. Rf8+ (88. Rb6+ $1 $16 Ke5 89. Kg7) 88... Ke5 $11 {The position is equal.} 89. Kg7 Kf4 90. Rb8 Kg3 91. Rb4 Bg4 92. Rb3+ Kxh4 {Threatening ...Kg5.} 93. Kxg6 Bd1 94. Rc3 (94. Ra3 {with more complications.} Kg4 95. Ra1 Bc2+ 96. Kh6 h4 97. Rg1+) 94... Bg4 95. Kf6 Bd7 96. Ke5 Kg5 97. Rc7 Bf5 98. Rg7+ Bg6 99. Rg8 h4 100. Rh8 Kg4 101. Rg8 Kg5 102. Rh8 Kg4 103. Rg8 Kg5 {White really could win this. Accuracy: White = 86%, Black = 83%.} 1/2-1/2

[Event "POR-ch 2020"]
[Site "Portimao"]
[Date "2020.09.13"]
[Round "8.3"]
[White "Santos, Antonio P"]
[Black "Sousa, Andre Ventura"]
[Result "0-1"]
[WhiteElo "2160"]
[BlackElo "2378"]
[Annotator "TA"]
[PlyCount "130"]
[EventDate "2020.09.07"]
[EventType "tourn"]
[EventCountry "POR"]
[SourceTitle "playchess.com"]
[Source "ChessBase"]
[SourceQuality "1"]

{[%evp 21,130,21,39,3,29,23,44,0,44,38,56,55,55,38,63,40,56,23,29,21,47,40,58,56,64,26,43,52,51,37,34,35,37,47,54,65,226,172,339,312,335,336,311,282,262,261,221,203,191,181,93,70,58,0,10,9,18,-99,-93,-93,-82,-103,-99,-95,-97,-167,-144,-238,-119,-120,0,-238,-228,-285,-97,-120,0,-276,-202,-266,-246,-308,-314,-298,-165,-186,-151,-220,-143,-240,-250,-248,-248,-252,-235,-210,-156,-166,-137,-159,-239,-199,-170,-952,-715,-750,-689,-12845,-12845,-12846,-12846]} 1. d4 Nf6 2. c4 g6 3. Nc3 d5 4. cxd5 Nxd5 5. e4 Nxc3 6. bxc3 Bg7 7. Bc4 c5 8. Ne2 O-O 9. O-O Nc6 10. Be3 Bg4 11. f3 Bd7 $1 {[%mdl 4] is more profitable than 11...Na5 at the moment. Played by Ian Nepomniachtchi in August 2020.} 12. Qd2 {D87: Exchange Grünfeld: Classical Line: Variations without ...cxd4.} Qc7 13. Rac1 Rad8 {[#]} 14. Bf4 $146 {White is slightly better.} ({Predecessor:} 14. Bd3 Bc8 15. f4 cxd4 16. cxd4 Qa5 17. Qxa5 Nxa5 18. d5 b6 19. Rc7 f5 20. Rfc1 fxe4 21. Bxe4 {1-0 (45) Vishnu,P (2493)-Belov,V (2598) Moscow 2019}) 14... Qc8 15. Bh6 b6 16. Bxg7 Kxg7 17. Bd3 Na5 18. Qe3 Qc7 19. d5 c4 20. Bc2 e5 21. dxe6 Bxe6 22. f4 Rfe8 23. Qf3 Kh8 24. f5 gxf5 25. exf5 Bd5 26. Qh5 Rg8 27. Rf2 {f6 is the strong threat.} Qe5 28. Nf4 Nc6 $2 (28... Qe3 $14 29. Rb1 Be4 30. Bxe4 Qxe4) 29. Rd1 f6 $2 (29... Bxg2 30. Nxg2 Rxd1+ 31. Bxd1 (31. Qxd1 Qxc3 32. f6 Qe5 $16) 31... Qe1+ 32. Rf1 Qd2) 30. Qh6 $18 {Threatens to win with Ng6+.} Bf7 {Black wants to play ...Rxd1+.} 31. Rxd8 Nxd8 32. Ng6+ Bxg6 33. fxg6 {[%csl Gc2,Gg6][%cal Rh6h7]} Rg7 34. Qd2 Nc6 35. Re2 ({Much less strong is} 35. gxh7 $6 Re7 $16) 35... Qc5+ 36. Kh1 {Intending Re8+ and mate.} hxg6 37. Re8+ Kh7 {With the idea ...Re7.} 38. Qe1 {Threatening mate with Qh4+.} Qg5 39. h3 (39. h4 $11 {was the only way to keep the balance.} Qf4 40. h5) 39... Ne5 $17 40. Qe4 Rd7 41. Kh2 Kg7 $1 42. Ba4 Rc7 43. Qa8 (43. Bc2 $17) 43... Qf4+ $19 44. Kh1 (44. Kg1 $17 {was necessary.}) 44... Qc1+ ({Black should play} 44... Kh6 $1 $19 {Strongly threatening ...Rh7.} 45. Rd8 Re7 46. Rh8+ Kg5) 45. Kh2 $17 Qf4+ (45... Nf7 $1 $17 46. Rg8+ Kh7) 46. Kh1 $19 Kh6 $1 47. Qd5 Qf1+ (47... Rc5 $19 {has better winning chances.} 48. Qd6 Nd3 49. Qxf4+ (49. Rh8+ $2 Kg5 $19) 49... Nxf4) 48. Kh2 $17 Qf4+ $2 $40 {[%mdl 128] Black attacks.} (48... Qd3 $17 49. Qd8 Qxd8 50. Rxd8 Nd3) 49. Kh1 $19 Rh7 50. Qd4 Kg5 51. Qxf4+ Kxf4 {[%mdl 4096] Endgame KRB-KRN} 52. Re6 Kf5 (52... Kg3 $142 53. Rxf6 Rh4) 53. Rd6 Rc7 54. Bc2+ (54. g3 $17 {is a better defense.}) 54... Kg5 55. Kh2 {[#]} (55. g3 $17) 55... Rd7 $1 {[%cal Rd7d6]} 56. Rxd7 Nxd7 {KB-KN} 57. Kg3 f5 58. h4+ Kf6 59. Kf4 Nc5 60. g3 b5 {[%cal Bb6b5,Bb5b4][%mdl 32]} 61. Kf3 Ke5 {White must now prevent ...Ne4.} 62. g4 $2 (62. Ke3) 62... fxg4+ {Black is clearly winning.} 63. Kxg4 {[#]} Ne4 $1 64. Bxe4 Kxe4 65. Kg5 {[#]} b4 $1 {[%mdl 512] Quite a comeback for Black. Accuracy: White = 54%, Black = 68%.} 0-1

[Event "POR-ch 2020"]
[Site "Portimao"]
[Date "2020.09.13"]
[Round "8.4"]
[White "Fidalgo, Andre Neves"]
[Black "Veiga, Jose Francisco R P N"]
[Result "1/2-1/2"]
[WhiteElo "2268"]
[BlackElo "2344"]
[Annotator "TA"]
[PlyCount "116"]
[EventDate "2020.09.07"]
[EventType "tourn"]
[EventCountry "POR"]
[SourceTitle "playchess.com"]
[Source "ChessBase"]
[SourceQuality "1"]

{[%evp 16,116,69,47,29,31,52,60,66,39,49,30,58,56,64,48,130,26,27,22,25,27,45,30,44,40,54,2,24,12,47,0,9,6,39,0,0,0,13,29,85,59,68,0,0,0,0,0,48,34,110,0,0,0,0,0,0,0,0,0,0,0,0,0,0,0,0,0,0,0,0,0,0,0,0,0,0,0,0,0,0,0,0,0,0,0,0,0,0,0,0,0,0,0,0,0,0,0,0,0,4,0,0]} 1. d4 Nf6 2. c4 g6 3. Nc3 Bg7 4. Nf3 O-O 5. g3 d6 6. Bg2 Nbd7 7. O-O c5 8. e4 a6 9. Re1 cxd4 {E67: King's Indian: Fianchetto: 6...Nbd7.} 10. Nxd4 e6 {[#]} 11. b3 $146 ({Predecessor:} 11. Nc2 Qc7 12. Ne3 Rb8 13. Bf1 b6 14. f4 Bb7 15. Bg2 Rfd8 16. Bd2 Rbc8 17. b4 {½-½ (39) Brkic,A (2331)-Sertic,R (2118) Pula 2001}) 11... Qc7 {White is slightly better.} 12. Bb2 Rb8 13. h3 Rd8 14. Rc1 Qb6 15. Na4 Qa7 {[#]} (15... Qc7 $1 $14) 16. b4 (16. Nxe6 $1 $16 fxe6 17. Qxd6) 16... Nb6 17. c5 Nxa4 18. Qxa4 Bd7 19. Qa3 dxc5 20. bxc5 Rbc8 21. Qa5 ({Better is} 21. e5 $14 Ne8 22. Qa5) 21... Be8 22. Nb3 Bc6 23. Nd4 Be8 $1 24. Nf3 Bc6 (24... Nd7 $5 {[%cal Rg7b2]} 25. Bxg7 Kxg7 $11) 25. Nd4 Be8 26. Nb3 Qb8 27. Qb4 Nd7 (27... e5 $11) 28. Bxg7 $16 Kxg7 29. Na5 (29. e5 $1 $14) 29... Ne5 {White must now prevent ...Nd3.} 30. Red1 Rxd1+ 31. Rxd1 Nc6 32. Qb2+ Kg8 {[#]} (32... e5 $14 33. Nc4 (33. Nxb7 Na5 $15) 33... f6) 33. Nxb7 ({White must play} 33. Nc4 $1 $16) 33... Na5 {The position is equal.} 34. e5 {aiming for Qb6.} Nxb7 35. Qxb7 Qxb7 36. Bxb7 Rxc5 $11 {[%mdl 4096] Endgame KRB-KRB} 37. Rd8 Kf8 38. Rc8 Rxc8 39. Bxc8 {KB-KB} a5 40. f4 Ke7 41. Kf2 Kd8 42. Ba6 Kc7 43. Ke3 $1 Kb6 44. Bd3 Kc5 45. a3 Bb5 46. Bc2 Kc4 {next ...Kc3 is good for Black.} 47. Bd3+ Kc5 48. Bc2 Bc4 49. Ba4 Bb5 50. Bc2 Bf1 51. h4 Bg2 52. Bd3 Bd5 53. Be2 Bb3 54. Bd3 h6 55. g4 Bd1 56. g5 hxg5 57. hxg5 Bg4 58. Bc2 Kb5 {Accuracy: White = 80%, Black = 85%.} 1/2-1/2

[Event "POR-ch 2020"]
[Site "Portimao"]
[Date "2020.09.13"]
[Round "8.5"]
[White "Martins, Bruno Andre Leite"]
[Black "Diogo, Vasco"]
[Result "1-0"]
[WhiteElo "2248"]
[BlackElo "2207"]
[Annotator "TA"]
[PlyCount "52"]
[EventDate "2020.09.07"]
[EventType "tourn"]
[EventCountry "POR"]
[SourceTitle "playchess.com"]
[Source "ChessBase"]
[SourceQuality "1"]

{[%evp 9,52,45,44,10,26,4,7,-6,57,3,98,15,55,54,79,27,25,39,134,137,149,152,143,123,237,235,233,214,268,250,253,271,246,275,561,544,584,547,584,578,568,551,565,478,1460]} 1. d4 Nf6 2. Bf4 g6 3. Nc3 Bg7 4. e4 d6 5. Qd2 c6 6. O-O-O {B07: Pirc Defence: Miscellaneous Systems.} b5 7. f3 b4 8. Nce2 {The position is equal.} Nbd7 ({Black should try} 8... Qb6 $11) 9. g4 {[#]} (9. Qxb4 $14 Qb6 10. Qxb6 axb6 11. Kb1) 9... h6 $146 (9... Qa5 $11) ({Predecessor:} 9... Qb6 10. Bh6 Bxh6 11. Qxh6 c5 12. Nh3 Bb7 13. Kb1 O-O-O 14. Ng5 Rdf8 15. dxc5 Qxc5 {0-1 (44) Veselinov,R (1965)-Mastronardi,D (2062) ICCF email 2011}) 10. h4 ({White should play} 10. Qxb4 $16 Rb8 11. Qa3) 10... a5 11. Ng3 Nb6 12. g5 (12. h5 $16) 12... hxg5 $11 13. hxg5 Nh5 (13... Nh7 $14) 14. Nxh5 $1 $16 gxh5 15. Nh3 Be6 16. Kb1 $1 Na4 {[#]} (16... Qd7 $16) 17. Be3 $1 $18 Rb8 {[#]} 18. Ka1 $1 Qb6 19. Nf4 Bxa2 20. Kxa2 b3+ 21. Ka1 {aiming for c3.} Nxb2 $2 (21... bxc2 {was worth a try.} 22. Qxc2 Qxb2+ 23. Qxb2 Rxb2) 22. Rb1 {White is clearly winning.} bxc2 23. Qxc2 Bxd4 24. Bxd4 Qxd4 25. Ne2 Qe3 {[%cal Re3a3]} 26. Qc3 Qb6 {Accuracy: White = 70%, Black = 40%.} (26... Qxc3 $142 27. Nxc3 Kf8 28. Rxb2 Kg7) 1-0

[Event "POR-ch 2020"]
[Site "Portimao"]
[Date "2020.09.14"]
[Round "9.1"]
[White "Diogo, Vasco"]
[Black "Rocha, Sergio"]
[Result "1-0"]
[WhiteElo "2207"]
[BlackElo "2341"]
[Annotator "TA"]
[PlyCount "167"]
[EventDate "2020.09.07"]
[EventType "tourn"]
[EventCountry "POR"]
[SourceTitle "playchess.com"]
[Source "ChessBase"]
[SourceQuality "1"]

{[%evp 9,167,-20,0,0,19,0,0,0,6,-2,0,-56,-11,-54,-12,-11,-11,-17,0,-18,0,0,11,9,17,0,10,-37,-22,-35,-46,-56,-47,-97,8,0,0,0,0,0,0,-11,-17,-59,39,0,33,12,59,8,29,18,38,38,43,37,35,36,108,114,150,150,190,170,194,133,150,126,173,160,171,103,231,233,251,223,220,214,253,108,319,288,282,315,659,652,822,818,1294,963,853,695,695,688,656,618,616,0,611,581,1047,1037,828,803,679,657,658,627,405,0,563,549,328,1501,1072,1031,29984,29985,29985,0,29983,0,29985,29982,29981,29980,29979,29980,29979,29980,29986,29985,29985,29986,29978,1235,29994,5631,2611,1074,1071,1070,945,754,29973,29973,6087,6295,5531,5531,3134,2578,29989,29990,29990,29991,29998,29998,29998,29999]} 1. e4 c6 2. d3 d5 3. Nd2 e5 4. Ngf3 Bd6 5. g3 Ne7 6. Bg2 {B10: Caro-Kann: 2 d3 and 2 c4.} f6 7. O-O d4 {[#]} 8. c3 $146 {The position is equal.} ({Predecessor:} 8. Ne1 Be6 9. f4 Nd7 10. Bh3 Bxh3 11. Qh5+ Ng6 12. Qxh3 Qe7 13. f5 Ngf8 14. Nc4 {1-0 (35) Bravo Gonzalez,R (1999)-Janiga,G (1945) ICCF email 2014}) 8... c5 $1 9. Qb3 Nbc6 10. a4 (10. cxd4 $11 cxd4 11. Nc4) 10... Bg4 (10... Na5 $5 {[%cal Ra5b3]} 11. Qa2 Nec6 $15) 11. cxd4 cxd4 (11... Na5 $5 {[%cal Ra5b3]} 12. Qa2 cxd4 $15) 12. Nc4 Be6 13. Bd2 O-O 14. Rfc1 Qd7 15. a5 h6 16. Nh4 Rab8 17. Nf5 Bc7 18. g4 Kh7 19. Qa3 Ng6 20. b4 a6 21. Nb6 Qd8 (21... Bxb6 $1 $17 22. axb6 Nf4 23. Bxf4 exf4) 22. Nd5 $11 Bd6 23. Qa4 Na7 24. Qd1 Nb5 25. Rc2 Ne7 26. Qf3 Ng8 ({Better is} 26... Nxd5 $15 27. exd5 Bxf5 28. Qxf5+ g6) 27. Rac1 Rf7 28. h4 g6 29. Ng3 (29. Nxd6 $14 Qxd6 30. Qg3) 29... Qd7 30. Bh3 Rbf8 31. Nb6 Qe7 32. h5 $36 {[%mdl 2048] White is more active.} g5 $1 33. Nf5 Bxf5 (33... Qd8 $14) 34. exf5 $16 Rd8 35. Bg2 $1 Qf8 36. Rc4 Bb8 37. Qd1 (37. Rc8 $18 {aiming for Rxd8.} Nd6 38. Rxd8 Qxd8 39. Qd5) 37... Nd6 38. Rc5 Ne7 39. Qb3 Kg7 40. Qe6 ({White should play} 40. R5c2 $18) 40... Nc6 (40... e4 $16 {might work better.}) 41. Bxc6 $18 bxc6 42. Rxc6 Re7 43. Qb3 e4 {[#]} 44. Nd5 (44. Na4 $1 $18 {and the rest is easy.}) 44... Re5 $2 {[#]} (44... Qf7 $16) 45. Nc7 $1 {[%cal Rc7e6]} (45. Rxa6 Qf7 $11) 45... Bxc7 46. Rxc7+ Re7 $2 (46... Kh8 47. R7c6 Ra8 48. dxe4 Nxe4) 47. Qe6 Rxc7 48. Rxc7+ Nf7 49. dxe4 Re8 50. Qd5 Re7 51. Rxe7 Qxe7 52. Qxd4 Ne5 {And now ...Nf3+ would win.} 53. Kf1 $2 (53. Kg2 $18) 53... Qb7 $2 {[%mdl 8192]} (53... Nf3 $11 54. Qc3 (54. Qd5 Qxe4 55. Qd7+ Kh8 $11) 54... Qxe4) 54. Bc3 Nxg4 55. Qd5 Qc7 56. Qc5 Qh2 57. Qe7+ Kg8 {[%csl Gg4][%cal Rh2f2]} 58. Qe8+ Kg7 {[%csl Gg4][%cal Rh2f2]} 59. Qe7+ Kg8 $1 {[%csl Gg4][%cal Rh2f2]} 60. Bd4 Qh1+ 61. Ke2 {Qe8+ would kill now.} Qxh5 62. f3 Nh2 63. Qd8+ Kh7 64. Qe7+ Kg8 65. Qd8+ Kh7 66. Qc7+ Kg8 67. Qb8+ Kh7 68. Qb7+ Kg8 69. e5 g4 70. Qc8+ Kh7 71. Qd7+ Kg8 72. Qe6+ (72. e6 $142 Nxf3 73. e7 Nxd4+ 74. Kd3 Qxf5+ 75. Qxf5 Nxf5 76. e8=Q+ Kg7 77. b5) 72... Kh7 73. Qe7+ (73. exf6 $142 gxf3+ 74. Kd3 Qg5 75. Qd7+ Kh8 76. f7+ Kh7 77. f8=Q+ Qg7 78. Qfxg7#) 73... Kg8 74. Qxf6 (74. Qd8+ $142 Kh7 75. Qd7+ Kg8 76. e6 gxf3+ 77. Kd2 Qg5+ 78. Kc2 Qxf5+ 79. Kb2) 74... gxf3+ 75. Kd3 {White threatens e6 and mate.} f2 76. Qe6+ Kg7 77. f6+ Kh8 78. Qc8+ Kh7 79. Qb7+ Kg6 80. Qe4+ Kf7 81. e6+ {White mates.} Kg8 82. f7+ Kf8 83. Qa8+ Ke7 84. f8=Q+ {[%mdl 64] Double Attack. Accuracy: White = 71%, Black = 57%.} 1-0